| 000 | 00423nam a22001217a 4500 | ||
|---|---|---|---|
| 008 | 230619b xxu||||| |||| 00| 0 eng d | ||
| 082 |
_a301.36 _bMEA |
||
| 100 | _cPaul Meadows | ||
| 245 |
_aUrbanism, Urbanization and Change: Comparative Perspectives _bDepartment of sociology and anthoropolgy state university of New York at Albany |
||
| 260 |
_bAddison-Wesley Publishing Company _c1969 |
||
| 300 | _a579p | ||
| 942 |
_2ddc _cBK |
||
| 999 |
_c1242 _d1242 |
||